000 01639nam2a2200277 4500
001 RU\NLR\BIBL_A\016277654
005 20250625022919.0
010 _a978-5-206-01085-5
021 _aRU
_b2022-94653
_9КН-П-8446
035 _a(RuMoRGB)011509675
035 _a(NLR Aleph) 016277654
090 _a12906395
_c12906395
100 _a20230206d2022 |||y0rusy50 ca
101 0 _arus
102 _aRU
105 _aa|||z|||000zy
200 1 _aОстрая кровопотеря
_e[сосудистый доктор: организм - единый сосуд]
210 _d2022
_aБ. м.
215 _a113, [1] с.
_cил., цв. ил.
461 0 _1001RU\NLR\BIBL_A\016277368
_12001#$aПолитравма - взаимоотягощающий синдром боли, острой кровопотери и инфекции$eруководство$eв трёх томах$f[И. А. Шарипов]$gпод редакцией И. А. Шарипова$g[НИИ скорой помощи им. Н. В. Склифосовского]$vТ. 2
_1700#1$aШарипов$bИ. А.$gИгорь Андреевич
_912905544
_aШарипов, И. А.
_cМосква
_d2022
_f[И. А. Шарипов]
_nИзвестия
_oруководство : в трёх томах
_tПолитравма - взаимоотягощающий синдром боли, острой кровопотери и инфекции
_y9785206010855
_vТ. 2
606 1 _aКровопотери
_jРуководства, пособия и т.п
_9949661
_3RU\NLR\AUTH\6634059
686 1 _aР456.3я7
942 _cBOOK
980 _aNB